Brown to stamp on investors (Record no. 69664)

MARC details
000 -LEADER
fixed length control field 00956cam a2200229 4500
001 - CONTROL NUMBER
control field ABS65207
008 - FIXED-LENGTH DATA ELEMENTS--GENERAL INFORMATION
fixed length control field 020304n2002 000 0 eng u
035 ## - SYSTEM CONTROL NUMBER
System control number (Sirsi) u116959
100 ## - MAIN ENTRY--PERSONAL NAME
Personal name Cook, A.
245 ## - TITLE STATEMENT
Title Brown to stamp on investors
260 ## - PUBLICATION, DISTRIBUTION, ETC.
Date of publication, distribution, etc. 2002
490 ## - SERIES STATEMENT
Series statement Estates Gazette
Volume/sequential designation (0207) 16 February 2002, 111(1)
520 ## - SUMMARY, ETC.
Summary, etc. Discusses whether the chancellor of the exchequer will leave stamp duty as an 'optional tax' or introduce anti-avoidance legislation, preventing savings schemes, in the forthcoming Budget. It is thought that an increase in stamp duty rates could help calm the housing market, and raise revenue to pay for public services. Outlines ways in which property owners can limit their exposure to stamp duty on property transactions.
590 ## - LOCAL NOTE (RLIN)
Local note ABS
650 ## - SUBJECT ADDED ENTRY--TOPICAL TERM
Topical term or geographic name entry element STAMP DUTY
650 ## - SUBJECT ADDED ENTRY--TOPICAL TERM
Topical term or geographic name entry element DUTY
650 ## - SUBJECT ADDED ENTRY--TOPICAL TERM
Topical term or geographic name entry element TAX
650 ## - SUBJECT ADDED ENTRY--TOPICAL TERM
Topical term or geographic name entry element CHANCELLOR OF THE EXCHEQUER
650 ## - SUBJECT ADDED ENTRY--TOPICAL TERM
Topical term or geographic name entry element BUDGET
690 ## - LOCAL SUBJECT ADDED ENTRY--TOPICAL TERM (OCLC, RLIN)
Topical term or geographic name as entry element TAXATION
942 ## - ADDED ENTRY ELEMENTS (KOHA)
Suppress in OPAC 0
Holdings
Withdrawn status Lost status Source of classification or shelving scheme Damaged status Not for loan Home library Current library Shelving location Date acquired Total Checkouts Full call number Barcode Date last seen Copy number Price effective from Koha item type
    Dewey Decimal Classification     London London Journal article 04/03/2002   ABS65207 116959-1001 06/08/2019 1 06/08/2019 Law report